| 000 | 01861nam a22003735a 4500 | ||
|---|---|---|---|
| 003 | OSt | ||
| 005 | 20171112120845.0 | ||
| 008 | 170524s2011 le a frbd 001 0 mul d | ||
| 020 | _a9789953867502 | ||
| 040 |
_aEG-ScBUE _beng _cEG-ScBUE _dEG-ScBUE |
||
| 041 | 0 |
_aeng _aara |
|
| 082 | 0 | 4 |
_a327.03927 _bABD _222 |
| 100 | 1 | _aAbdallah, Hassan. | |
| 245 | 1 | 2 |
_aA dictionary of international relations & conference terminology : _bEnglish - Arabic : with English and Arabic indexes and appendices / _cby Hassan Abdallah. |
| 246 | 3 | 5 |
_aقاموس مصطلحات العلاقات والمؤتمرات الدولية : _bإنجليزي - عربي : مع فهارس وملاحق بالإنجليزية والعربية |
| 246 | 3 |
_aA dictionary of international relations and conference terminology : _bEnglish - Arabic : with English and Arabic indexes and appendices |
|
| 250 | _aNew Impression. | ||
| 260 |
_aBeirut : _bLibrairie du Liban, _c2011. |
||
| 300 |
_axx, 654 p. ; _c24 cm. |
||
| 500 | _aFAO and Hassan Abd Allah, First published 1982. | ||
| 500 | _a"Published by arrangement with the Food and Agriculture Organization of the United Nations in collaboration with the League of Arab States." | ||
| 504 | _aIncludes bibliographical references and indexes. | ||
| 546 | _aText in English and Arabic. | ||
| 650 | 7 |
_aInternational relations _vDictionaries _xArabic. _2BUEsh |
|
| 650 | 7 |
_aInternational organization _vDictionaries _xArabic _2BUEsh |
|
| 650 | 7 |
_aCongresses and conventions _vDictionaries _xArabic _2BUEsh |
|
| 650 | 7 |
_aEnglish language _vDictionaries _xArabic _2BUEsh _913838 |
|
| 650 | 7 |
_aArabic language _vDictionaries _xEnglish _2BUEsh _95758 |
|
| 651 | _2BUEsh | ||
| 653 |
_bGGEN _bEEENG _bBUSBOL _cMay2017 _cAugust2017 |
||
| 710 | 2 | _aFood and Agriculture Organization of the United Nations. | |
| 710 | 2 | _aLeague of Arab States. | |
| 942 | _2ddc | ||
| 999 |
_c24887 _d24859 |
||